000
00272nam a22000857a 4500
040
_c
DLC
082
_a
111 CAM 2009 C289 Or.1
245
_a
Insights for Action Initiaive Fuelling Poverty Reduction Selected papers from the International Oil and Gas Conference
942
_c
AEDBB
999
_c
22419
_d
22419